| Record ID | ia:override0000anas |
| Source | Internet Archive |
| Download MARC XML | https://archive.org/download/override0000anas/override0000anas_marc.xml |
| Download MARC binary | https://www.archive.org/download/override0000anas/override0000anas_meta.mrc |
LEADER: 03542cam 2200877 a 4500
001 ocn819860759
003 OCoLC
005 20190121030629.0
008 121128s2013 nyu d 000 1 eng
010 $a 2012042134
040 $aDLC$beng$cDLC$dIG#$dUPZ$dYDXCP$dBTCTA$dBDX$dIEB$dCO2$dOCLCQ$dOCLCO$dCNEDM$dCNSOA$dOCLCF$dOCLCO$dOCL$dOCLCO$dAW3$dOCLCO$dOCL$dOCLCO$dCHY$dCHILD$dRB0$dNZHPC
019 $a795010345$a851560870$a859394458
020 $a9781250003003$q(pbk.)
020 $a1250003008$q(pbk.)
020 $z9781250022349$q(e-book)
035 $a(OCoLC)819860759$z(OCoLC)795010345$z(OCoLC)851560870$z(OCoLC)859394458
042 $apcc$alcac
050 00 $aPZ7.A51852$bOve 2013
082 00 $a[Fic]$223
084 $aJUV053000$aJUV001000$2bisacsh
084 $aJUV053000
100 1 $aAnastasiu, Heather.
245 10 $aOverride /$cHeather Anastasiu.
250 $aFirst edition.
264 1 $aNew York :$bSt. Martin's Griffin,$c2013.
300 $a310 pages ;$c21 cm
336 $atext$btxt$2rdacontent
337 $aunmediated$bn$2rdamedia
338 $avolume$bnc$2rdacarrier
490 1 $aGlitch trilogy ;$v2
520 $aHaving escaped the enslavement of the Community and the Chancellor, Zoe is finally free but far from safe as she and Adrien hide at the Foundation, an academy that trains teen glitchers to fight in the Resistance movement.
650 0 $aIndividuality$vFiction.
650 0 $aEmotions$vFiction.
650 0 $aThought and thinking$vFiction.
650 0 $aPsychic ability$vFiction.
650 0 $aGovernment, Resistance to$vFiction.
650 0 $aScience fiction.
650 1 $aIndividuality$vFiction.
650 1 $aEmotions$vFiction.
650 1 $aThought and thinking$vFiction.
650 1 $aPsychic ability$vFiction.
650 1 $aGovernment, Resistance to$vFiction.
650 1 $aScience fiction.
650 7 $aJUVENILE FICTION$xScience Fiction.$2bisacsh
650 7 $aJUVENILE FICTION$xAction & Adventure$xGeneral.$2bisacsh
650 7 $aEmotions.$2fast$0(OCoLC)fst00908819
650 7 $aGovernment, Resistance to.$2fast$0(OCoLC)fst00945663
650 7 $aIndividuality.$2fast$0(OCoLC)fst00970343
650 7 $aPsychic ability.$2fast$0(OCoLC)fst01081210
650 7 $aScience fiction.$2fast$0(OCoLC)fst01108566
650 7 $aThought and thinking.$2fast$0(OCoLC)fst01150249
650 7 $aIndividuality$vFiction.$2sears
650 7 $aEmotions$vFiction.$2sears
650 7 $aScience fiction.$2sears
650 7 $aThought and thinking$vFiction.$2sears
655 7 $aScience fiction.$2fast$0(OCoLC)fst01726489
655 0 $aYoung adult fiction.
655 7 $aFiction.$2fast$0(OCoLC)fst01423787
655 7 $aYoung adult works.$2fast$0(OCoLC)fst01726790
655 7 $aScience fiction.$2lcgft
655 7 $aScience fiction$vYoung adult.$2local
655 7 $aScience fiction.$2sears
655 4 $aYoung adult fiction.
655 7 $aScience fiction.$2gsafd
800 1 $aAnastasiu, Heather.$tGlitch trilogy ;$v2.
856 42 $3Cover image$uhttp://www.netread.com/jcusers2/bk1388/003/9781250003003/image/lgcover.9781250003003.jpg
938 $aChildren's Plus, Inc.$bCHIL$n1707137
938 $aBrodart$bBROD$n103287272
938 $aBaker and Taylor$bBTCP$nBK0011474630
938 $aIngram$bINGR$n9781250003003
938 $aYBP Library Services$bYANK$n7697483
029 1 $aAU@$b000050219826
029 1 $aNZ1$b14720860
029 1 $aNZ1$b14770639
994 $aZ0$bP4A
948 $hNO HOLDINGS IN P4A - 291 OTHER HOLDINGS